Zawodnicy z największą liczbą bramek w kadrach drużyn Euro 2024 - Statystyki

Ogólne statystyki
  • Ten quiz został rozwiązany 135 razy
  • Średni wynik to 12 z 24
Statystyki odpowiedzi
Kraj Bramki Zawodnik % Poprawnych
Polska 82 Robert Lewandowski
93%
Portugalia 128 Cristiano Ronaldo
89%
Niemcy 45 Thomas Muller
83%
Anglia 63 Harry Kane
81%
Belgia 83 Romelu Lukaku
77%
Hiszpania 34 Alvaro Morata
76%
Francja 57 Olivier Giroud
74%
Holandia 44 Memphis Depay
63%
Dania 40 Christian Eriksen
60%
Węgry 12 Dominik Szoboszlai | Roland Sallai
56%
Austria 36 Marko Arnautovic
50%
Szwajcaria 30 Xherdan Shaqiri
50%
Czechy 18 Patrick Schick
47%
Gruzja 15 Chwicza Kwaracchelia
45%
Chorwacja 33 Ivan Perisic
45%
Ukraina 46 Andrij Jarmołenko
44%
Serbia 57 Aleksandar Mitrovic
43%
Rumunia 14 Nicolae Stanciu
31%
Włochy 9 Nicolo Barella
31%
Szkocja 18 John McGinn
22%
Słowenia 16 Josip Ilicic
22%
Słowacja 13 Juraj Kucka | Ondrej Duda
17%
Turcja 20 Cenk Tosun
7%
Albania 7 Rey Manaj
5%
Nie znaleziono quizów pasujących do podanych kryteriów
Rozkład punktacji
Procent ludzi z każdym wynikiem
Percentyl według liczby udzielonych odpowiedzi
Twoja historia wyników
Nie rozwiązałeś tego quizu